| 000 | 02161nam a2200385 i 4500 | ||
|---|---|---|---|
| 001 | 991061720874706706 | ||
| 003 | ES-BaIT | ||
| 005 | 20260225104755.0 | ||
| 008 | 260225e202408 fr a r 000 d fre c | ||
| 020 | _a9782749816647 | ||
| 040 |
_aES-BaIT _bcat _erda _cES-BaIT |
||
| 041 | 1 |
_afre _heng |
|
| 080 | _a820-2"16" | ||
| 100 | 1 |
_aShakespeare, William, _d1564-1616 _eautor _946413 |
|
| 240 | 1 |
_aMeasure for measure. _lFrancès _9168694 |
|
| 245 | 1 | 3 |
_aLe Fléau : _bMesure pour mesure / _cLéonard Matton ; traduction et adaptation de mesure pour mesure de William Shakespeare ; illustrations de Thalie Amossé |
| 246 | 3 | 0 | _aMesure pour mesure |
| 264 | 1 |
_aParis : _bL'avant-scène théâtre, _caoût 2024 |
|
| 300 |
_a143 pàgines : _bil·lustracions ; _c21 cm |
||
| 336 |
_atext _btxt _2rdacontent |
||
| 336 |
_aimatge fixa _bsti _2rdacontent |
||
| 337 |
_asense mediació _bn _2rdamedia |
||
| 338 |
_avolum _bnc _2rdacarrier |
||
| 490 | 1 |
_aL'Avant-scène théâtre ; _vno 1562 |
|
| 500 | _aP19: D7, H12 | ||
| 500 | _aPublicat com no 1562 (août 2024) de la revista L'Avant-scène théâtre | ||
| 500 | _aEstrena Palais-Royal, París, 10 d'agost de 2023 | ||
| 520 | _a"Une cité envahie par une épidémie de peste. Le duc Vincentio quitte la ville et confie les rênes du pouvoir à son très jeune ministre, Angelo, modèle de rigueur et de vertu. Les théâtres, les maisons closes, les cabarets sont contraints de fermer : prostituées, maquereaux et rabatteurs subissent les coups de la loi. Les couples illégitimes sont condamnés à mort ou à l’exil. Mais lorsque Angelo rencontre Isabelle, son désir est plus fort que ses convictions, et il se met à abuser de son pouvoir." -- Contracoberta | ||
| 700 | 1 |
_aMatton, Léonard _etraductor, _eadaptador, _edirector de escena _9168695 |
|
| 700 | 1 |
_aAmossé, Thalie _eil·lustrador _9168696 |
|
| 700 | 1 |
_iContenidor de (expressió): _aShakespeare, William, _d1564-1616. _tMeasure for measure. _lFrancès _9168697 |
|
| 700 |
_iAdaptació de (obra): _aShakespeare, William, _d1564-1616. _tMeasure for measure _9101484 |
||
| 830 |
_aAvant-scène. _pThéâtre _9168170 _vno 1562 |
||
| 942 |
_2udc _c1 |
||
| 999 |
_c137137 _d137137 |
||